000 00664nam a2200277Ia 4500
005 20260324120559.0
008 008 260324s9999 xx 000 0 eng d
020 _a9781315723624
037 _aEBOOK
040 _aCRL
040 _beng
040 _cCRL
041 _2eng
041 _aeng
084 _qCRL
100 _aHenrik Selin; Stacy D. VanDeveer
_91159140
245 0 _aEuropean Union and Environmental Governance
260 _bTaylor and Francis
260 _c2015
365 _a
365 _b230
856 _uhttp://www.taylorfrancis.com/books/9781315723624
942 _cEBOOK
999 _c1750752
_d1750752